Aespa In Every MV - Statistics

General Stats
  • This quiz has been taken 176 times
  • The average score is 13 of 18
Answer Stats
Picture Answer % Correct
Whiplash
95%
Next Level
91%
Spicy
85%
Black Mamba
84%
Supernova
84%
Armageddon
81%
Better Things
80%
Girls
78%
Drama
76%
Dreams Come True
76%
Savage
73%
Forever
71%
Hot Mess
66%
Life's Too Short
57%
Thirsty
55%
Welcome To MY World
52%
#Long Chat
41%
Licorice
39%
No matching quizzes found
Score Distribution
Percent of People with Each Score
Percentile by Number Answered
Your Score History
You have not taken this quiz